00561nam a2200181Ia 450000500170000000800410001702000290005804000190008704100120010608200170011810000170013524501140015226000350026630000140030165000260031570000280034185000100036920231107151843.0140110s9999 xx 000 0 und d a9789380502960cRs.495.00 aLoreto College aEnglish a320.954bSAR aSaran, Samir aRe-imagining the IndusbMapping media reportage in India and PakistancSamir Saran and Hans Rasmussen Theting aNew DelhibKW Publishersc2012 axi,145p.  aIndus-Media reportage aTheting, Hans Rasmussen aLCLIB